BARRON S HOW TO PREPARE FOR THE GRE GRADUATE RECORD EXAMINI (Record no. 4518)

MARC details
000 -LEADER
fixed length control field 00408nam a2200145Ia 4500
008 - FIXED-LENGTH DATA ELEMENTS--GENERAL INFORMATION
fixed length control field 240624s9999 xx 000 0 und d
041 ## - LANGUAGE CODE
Language code of text/sound track or separate title eng
082 ## - DEWEY DECIMAL CLASSIFICATION NUMBER
Classification number 153.94 WEI
100 ## - MAIN ENTRY--PERSONAL NAME
Personal name WEINER GREEN SHARON
245 ## - TITLE STATEMENT
Title BARRON S HOW TO PREPARE FOR THE GRE GRADUATE RECORD EXAMINI
250 ## - EDITION STATEMENT
Edition statement (16th ed.)
260 ## - PUBLICATION, DISTRIBUTION, ETC.
Date of publication, distribution, etc. 2005
Place of publication, distribution, etc. New Delhi
Name of publisher, distributor, etc. Galgotia Publications
300 ## - PHYSICAL DESCRIPTION
Extent vi, : 541 : p. : cm. ; 27
365 ## - TRADE PRICE
Currency code RS
Holdings
Withdrawn status Lost status Damaged status Not for loan Home library Current library Shelving location Date acquired Source of acquisition Cost, normal purchase price Full call number Barcode Date last seen Copy number Price effective from Koha item type
        IMTN IMTN Rack 1-B 02/15/2007 AP 277.00 153.94 WEI 4518 06/24/2024 1 06/24/2024 Books
Designed & Maintained by: LRC IMT Nagpur Contact: lrc@imtnag.ac.in© 2024. All Rights Reserved.